|
|
|
|
| LEADER |
00000naa2a2200000 4500 |
| 001 |
182397 |
| 005 |
20231031171306.0 |
| 035 |
|
|
|a (RuTPU)RU\TPU\book\197732
|
| 090 |
|
|
|a 182397
|
| 100 |
|
|
|a 20100621d1988 k y0rusy50 ca
|
| 101 |
0 |
|
|a rus
|
| 102 |
|
|
|a RU
|
| 200 |
1 |
|
|a Минералого-химические особенности карбонатитоподобных образований обрамлений Минусинского прогиба
|f С. И. Сарнаев [и др.]
|
| 320 |
|
|
|a Библиогр.: с. 47-48 (18 назв.)
|
| 463 |
|
1 |
|0 (RuTPU)RU\TPU\book\58436
|t Геология, поиски и разведка месторождений рудных полезных ископаемых
|o межвузовский сборник
|f Иркутский политехнический институт; Под ред. Ж. Ф. Семинского
|v С. 37-48
|d 1988
|p 164 с.
|
| 610 |
1 |
|
|a труды учёных ТПУ
|
| 701 |
|
1 |
|a Сарнаев
|b С. И.
|
| 701 |
|
1 |
|a Рихванов
|b Л. П.
|c российский ученый, геолог
|c профессор Томского политехнического университета, доктор геолого-минералогических наук
|c заслуженный геолог РФ
|c почетный работник высшего образования РФ
|f 1945-
|g Леонид Петрович
|2 stltpush
|3 (RuTPU)RU\TPU\pers\23187
|
| 701 |
|
1 |
|a Ершов
|b В. В.
|c российский геохимик
|c доцент Томского политехнического университета
|g Василий Владимирович
|2 stltpush
|3 (RuTPU)RU\TPU\pers\26066
|
| 701 |
|
1 |
|a Плюснин
|b Г. С.
|
| 801 |
|
1 |
|a RU
|b 63413507
|c 20100621
|
| 801 |
|
2 |
|a RU
|b 63413507
|c 20100621
|g RCR
|
| 942 |
|
|
|c BK
|